| 000 | 004050000a22001570004500 | ||
|---|---|---|---|
| 001 | 004781 | ||
| 003 | MACL | ||
| 040 | _aMACL | ||
| 090 |
_c16774 _d16773 |
||
| 100 | _aIlaiah, Kancha | ||
| 245 |
_aWhy I Am Not A Hindu _bA Sudra Critique Of Hindutva Philosophy,Culture And Politicl Economy _cKancha Ilaiah |
||
| 260 |
_aSomya Publishers, _c1996 |
||
| 350 | _a120 | ||
| 650 | _aReligion | ||
| 942 |
_k295 _cBook |
||
| 999 |
_c16667 _d16667 |
||